1263 1885 1843 1424 1685 1040 1868 1539 1065 1502 1437 1446 1435 1859 1727 1934 1120 1630 1968 1360 1291 1445 1935 1978 1968 1783 1716 1368 1818 1513 1196 1534 1264 1279 1219 1885 1040 1669 1312 1976 1126 1685 1986 1994 1280 1348 1953 1793 1046 1449 1711 1776 1662 1727 1091 1254 1459 1060 1993 1248 1560 1750 1478 1729 1614 1791 1510 1077 1010 1147 1506 1321 1341 1411 1435 1606 1255 1507 1898 1258 1412 1837 1615 1094 1719 1728 1643 1190 1431 1317 1260 1861 1279 1249 1603 1689 1556 1937 1440 BCNSPRNW ULIB Ver.6.0+V

เปลี่ยนเป็นภาษาไทย

Change to English
 แสดงรายละเอียดบรรณานุกรม
  กลับหน้าหลัก

Brief Record : Get Marc (ISO 2709) : E-mail record : QR code < ปิดหน้าต่าง
LEADER : 00000nam 2200000uu 4500
001    13399128629
003     ULIB
008    230924s2563||||th 000 0 tha d
020    ^a9786163984869
060  0 ^aW74^bอ525ก
100 0  ^aอัญชลี เพิ่มสุวรรณ
245 10 ^aการประเมินความคุ้มค่าทางการแพทย์และการวิเคราะห์ผลกระทบด้านงบประมาณ^p[ฉบับปรับปรุง] /^cอัญชลี เพิ่มสุวรรณ ; บรรณาธิการ: สุรศักดิ์ เสาแก้ว
250    ^aพิมพ์ครั้งที่ 2^b(ฉบับปรับปรุง)
260    ^aเชียงใหม่ :^bคณะเภสัชศาสตร์ มหาวิทยาลัยเชียงใหม่,^c2563
300    ^axiป, 279 หน้า :^bภาพประกอบ ;^c25 ซม.
504    ^aมีบรรณานุกรมและดัชนี
505 0  ^aขั้นตอนการประเมินความคุ้มค่าทางการแพทย์ (Steps in conducingeconomic evaluation) -- การจำแนก การนับจำนวนและการประเมินมูลค่าต้นทุนในการประเมินความคุ้มค่าทางการแพทย์(Defining, measuring, and valuing costs for economicevaluation) -- การวัด การให้ค่าและการวิเคราะห์ผลลัพธ์ทางสุขภาพในการประเมินความคุ้มค่าทางการแพทย์(Measuring, valuing, and analyzing health outcomes foreconomic evaluation) --การประเมินความคุ้มค่าทางการแพทย์อย่างเต็มรูปแบบ (Full economicevaluation) --แบบจำลองการวิเคราะห์การตัดสินใจในการประเมินความคุ้มค่าทางการแพทย์:แบบจำลองแผนภูมิต้นไม้ (Decision analytic modelling foreconomic evaluation: decision tree model) --แบบจำลองการวิเคราะห์การตัดสินใจในการประเมินความคุ้มค่าทางการแพทย์:แบบจำลองมาร์คอฟ (Decision analytical modelling for economicevaluation: Markov model) -- การจัดการกับความไม่แน่นอน(Handling uncertainty) -- การวิเคราะห์ผลกระทบด้านงบประมาณ(Budget impact analysis) --การใช้ผลงานวิจัยด้านการประเมินความคุ้มค่าทางการแพทย์และการวิเคราะห์ผลกระทบด้านงบประมาณในการตัดสินใจเชิงนโยบาย (Use of findings fromeconomic evaluation and budget impact analysis fordecision making in health policy)
650  4 ^aค่าใช้จ่ายในการรักษาพยาบาล^xการวิเคราะห์ต้นทุน
650  4 ^aงบประมาณทางการแพทย์
650  4 ^aบริการทางการแพทย์^xการวิเคราะห์ต้นทุน
650  4 ^aบริการทางการแพทย์^xค่าใช้จ่าย
650  4 ^aโรงพยาบาล^xค่าใช้จ่ายในการดำเนินงาน
650  4 ^aโรงพยาบาล^xงบประมาณ
700 0  ^aสุรศักดิ์ เสาแก้ว,^eบรรณาธิการ
710 2  ^aมหาวิทยาลัยเชียงใหม่.^bคณะเภสัชศาสตร์
945    ^p350^l0^i29896
945    ^p350^l0^i29897
999    ^aกัณชพร จุลอักษร
รายการนี้ยังไม่มีแท็ก
คุณยังไม่ได้ล็อกอิน คุณสามารถมีกิจกรรมร่วมกับเว็บไซต์ได้ แต่ต้องล็อกอินก่อน ::
  ล็อกอิน

รายการสื่อสารสนเทศ

ลำดับที่ ประเภท เลขเรียก/บาร์โค้ด สถานที่ สถานะ
1. หนังสือสำรอง
หนังสือสำรอง
W74 อ525ก ฉ.1 
  Barcode: 29896
ห้องสมุดวิทยาเขตนครสวรรค์
►หนังสือทั่วไป:l:General Books
บนชั้น
2. วิทยาศาสตร์การแพทย์ และสุขภาพ
วิทยาศาสตร์การแพทย์ และสุขภาพ
W74 อ525ก ฉ.2 
  Barcode: 29897
ห้องสมุดวิทยาเขตนครสวรรค์
►หนังสือทั่วไป:l:General Books
บนชั้น

รายการใกล้เคียง
    ผู้แต่ง [อัญชลี เพิ่มสุวรรณ]

    หัวเรื่อง [งบประมาณทางการแพทย์]

BibComment


ยังไม่เคยถูกคอมเมนท์

คอมเมนท์ทรัพยากรรายการนี้
  คอมเมนท์: การประเมินความคุ..


 Copyright 2026. Bcnsprnw @Library